000 00404nam a2200181Ia 4500
005 20250603145720.0
008 250603s9999 xx 000 0 und d
020 _a978-1-85326-221-0
050 _aPR 4670 .A1/
100 _aEliot, George
245 0 _aSilas marner
260 _aLondon
260 _bWordsworth Classics
260 _c1993
300 _a160 p
650 _aLondon
942 _cBK
999 _c42645
_d42645